000
00271nam a2200121Ia 4500
005
20251222114406.0
008
251222s1900||||xx |||||||||||||| ||spa||
082
_a
DVD0096/S57/2015/T.1
245
0
_a
Neurociencias
250
_a
2a.ed.
264
_b
Signiko,
942
_c
DVD
999
_c
1840
_d
1840